000 00748nam a2200229Ia 4500
003 OSt
005 20220926005432.0
006 a|||||r|||| 00| 0
007 ta
008 220923b |||||||| |||| 00| 0 eng d
020 _a9788132206552
_c6946.1300000000001
037 _b38468, 12/08/2013, Segment Book Distrobutors
_cGeneral Book
040 _aRTL
_cRTL
_beng
041 _2eng
_aeng
082 _aX:77.2.P, Q3
100 _aMITRA Arup
245 0 _aInsights into inclusive growth, employment and well being in India
260 _a New Delhi
_bSpringer
_c2013
300 _axii, 352p
_ccm.
942 _hX:77.2.P, Q3
_cGB
_2CC
999 _c613857
_d613857